Normal view
MARC view
Entry Personal Name
001 - CONTROL NUMBER
- control field: 39344
003 - CONTROL NUMBER IDENTIFIER
- control field: ARRUPE
005 - DATE AND TIME OF LATEST TRANSACTION
- control field: 20180216143133.0
008 - FIXED-LENGTH DATA ELEMENTS
- fixed length control field: 180216|| aca||aabn | a|a d
040 ## - CATALOGING SOURCE
- Original cataloging agency: ARRUPE
- Transcribing agency: ARRUPE
100 ## - HEADING--PERSONAL NAME
- Personal name: Theal, George McCall
670 ## - SOURCE DATA FOUND
- Source citation: Work cat.: (ARRUPE)88964: Theal, George McCall, Ethnography and condition of South Africa before A.D. 1505 /, 1919